NBA Best Single-Season Stats - Statistics

General Stats
  • This quiz has been taken 2,203 times
  • The average score is 39 of 60
Answer Stats
# Categories Player % Correct
50.4 Wilt Chamberlain
99%
44.8 Wilt Chamberlain
99%
38.4 Wilt Chamberlain
99%
37.6 Wilt Chamberlain
99%
36.8 Wilt Chamberlain
99%
27.2 Wilt Chamberlain
99%
27.0 Wilt Chamberlain
99%
25.6 Wilt Chamberlain
99%
24.6 Wilt Chamberlain
99%
24.3 Wilt Chamberlain
99%
24.1 Wilt Chamberlain
99%
37.1 Michael Jordan
96%
35.0 Michael Jordan
96%
3.2 Michael Jordan
96%
14.5 John Stockton
91%
14.2 John Stockton
91%
13.8 John Stockton
91%
13.7 John Stockton
91%
13.6 John Stockton
91%
3.2 John Stockton
91%
36.1 James Harden
88%
3.7 James Harden
88%
24.7 Bill Russell
85%
24.1 Bill Russell
85%
24.0 Bill Russell
85%
24.0 Bill Russell
85%
3.5 LeBron James
84%
35.4 Kobe Bryant
81%
4.6 Hakeem Olajuwon
79%
4.3 Hakeem Olajuwon
79%
13.1 Magic Johnson
74%
12.8 Magic Johnson
74%
12.6 Magic Johnson
74%
3.4 Magic Johnson
74%
3.9 Magic Johnson
74%
4.1 Russell Westbrook
71%
4.5 Dikembe Mutombo
59%
3.7 Alvin Robertson
52%
3.2 Alvin Robertson
52%
3.0 Alvin Robertson
52%
4.5 David Robinson
52%
3.6 Allen Iverson
51%
5.0 Manute Bol
47%
4.3 Manute Bol
47%
5.6 Mark Eaton
45%
4.6 Mark Eaton
45%
13.9 Isiah Thomas
37%
3.8 Isiah Thomas
37%
3.2 Dwayne Wade
28%
35.6 Rick Barry
28%
3.1 Charles Barkley
22%
4.8 Elmore Smith
15%
3.2 Bernard King
10%
13.4 Kevin Porter
9%
4.3 Tree Rollins
8%
3.2 Michael Ray Richardson
6%
4.1 Don Buse
4%
3.5 Don Buse
4%
3.2 Slick Watts
3%
3.4 Reggie Theus
2%
No matching quizzes found
Score Distribution
Percent of People with Each Score
Percentile by Number Answered
Your Score History
You have not taken this quiz